El encuadre: la sociedad guatemalteca al comienzo de un nuevo gobierno
Gardado en:
| Formato: | Texto |
|---|---|
| Materias: | |
| Etiquetas: |
Engadir etiqueta
Sen Etiquetas, Sexa o primeiro en etiquetar este rexistro!
|
MARC
| LEADER | 00000 a a2200000 04500 | ||
|---|---|---|---|
| 001 | 45253 | ||
| 003 | |||
| 040 | |||
| 090 | |a 05.04.04 C397ig | ||
| 245 | |a El encuadre: |b la sociedad guatemalteca al comienzo de un nuevo gobierno | ||
| 650 | |a RELIGION | ||
| 650 | |a CRISTIANISMO | ||
| 650 | |a DERECHOS HUMANOS | ||
| 650 | |a GUERRA | ||
| 650 | |a CAMPESINADO | ||
| 650 | |a SERRANO ELIAS JORGE | ||
| 773 | |g páginas 9-19 | ||
| 999 | |c 25735 |d 25735 | ||
